| 000 | 00409nam a2200181Ia 4500 | ||
|---|---|---|---|
| 001 | 25276 | ||
| 005 | 20260414151139.0 | ||
| 008 | 260414t2010||||xx |||||||||||||| ||spa|| | ||
| 041 | _aESP | ||
| 082 |
_a346.431 _bC33 |
||
| 100 |
_aCastillo Freyre, Mario _eAUT |
||
| 245 | 0 |
_aTratado de la venta _b |
|
| 260 | _c2010 | ||
| 300 |
_a _c24 cm. |
||
| 650 | _aDER | ||
| 654 | _aCDE | ||
| 942 |
_cLIB _dJUS _fJUS _2ddc _n |
||
| 999 |
_c25276 _d25276 |
||